000 00757nam a22001577a 4500
003 OSt
005 20150921134525.0
008 150921b xxu||||| |||| 00| 0 eng d
040 _cRUA
082 _aAGR PECH 2006 B034 Or.1
100 _91010
_aPECH, CHANNARITH.
245 _aEffect of potassium rath and khmer em fertilizer on senpidao rice variety at royal university of agriculture ឥទ្ថិពលកម្រិតជីប៉ូតាស្យូម និងជីអ៊ីអឹមខ្មែរ លើពូជស្រូវសែនពិដោរ​ នៅក្នុងសាកលវិទ្យាល័យភូមិន្ទកសិម្ម​
260 _aPhnom Penh
_bRUA
_c2006
300 _a42P.
_bill.
_c29cm.
942 _2ddc
_cAGR
999 _c968
_d968